Trouble brewing down south (Record no. 69153)
[ view plain ]
| 000 -LEADER | |
|---|---|
| fixed length control field | 01004cam a2200229 4500 |
| 001 - CONTROL NUMBER | |
| control field | ABS64908 |
| 008 - FIXED-LENGTH DATA ELEMENTS--GENERAL INFORMATION | |
| fixed length control field | 011220n2001 000 0 eng u |
| 035 ## - SYSTEM CONTROL NUMBER | |
| System control number | (Sirsi) u116088 |
| 100 ## - MAIN ENTRY--PERSONAL NAME | |
| Personal name | Stewart, J |
| 245 ## - TITLE STATEMENT | |
| Title | Trouble brewing down south |
| 260 ## - PUBLICATION, DISTRIBUTION, ETC. | |
| Date of publication, distribution, etc. | 2001 |
| 490 ## - SERIES STATEMENT | |
| Series statement | HouseBuilder |
| Volume/sequential designation | (December 2001) 8-9(2) |
| 520 ## - SUMMARY, ETC. | |
| Summary, etc. | Analysis of the UK housing market in the context of recent events in the world economy. Argues the outlook for the housing is relatively positive given the recent difficulties but the medium term prospects for the south of England are not so favourable. Argues that in London and the south-east the price/earnings ratio is at unsustainable levels and needs to be 'corrected' in the next 12 months by a drop in house prices. |
| 590 ## - LOCAL NOTE (RLIN) | |
| Local note | ABS |
| 650 ## - SUBJECT ADDED ENTRY--TOPICAL TERM | |
| Topical term or geographic name entry element | HOUSING MARKET |
| 650 ## - SUBJECT ADDED ENTRY--TOPICAL TERM | |
| Topical term or geographic name entry element | WORLD ECONOMY |
| 650 ## - SUBJECT ADDED ENTRY--TOPICAL TERM | |
| Topical term or geographic name entry element | INFLATION |
| 650 ## - SUBJECT ADDED ENTRY--TOPICAL TERM | |
| Topical term or geographic name entry element | PRICE/EARNINGS RATIO |
| 650 ## - SUBJECT ADDED ENTRY--TOPICAL TERM | |
| Topical term or geographic name entry element | LONDON |
| 690 ## - LOCAL SUBJECT ADDED ENTRY--TOPICAL TERM (OCLC, RLIN) | |
| Topical term or geographic name as entry element | PROPERTY-RESIDENTIAL PROPERTY-RESIDENTIAL PROPERTY MARKET |
| 942 ## - ADDED ENTRY ELEMENTS (KOHA) | |
| Suppress in OPAC | 0 |
| Withdrawn status | Lost status | Source of classification or shelving scheme | Damaged status | Not for loan | Home library | Current library | Shelving location | Date acquired | Total Checkouts | Full call number | Barcode | Date last seen | Copy number | Price effective from | Koha item type |
|---|---|---|---|---|---|---|---|---|---|---|---|---|---|---|---|
| Dewey Decimal Classification | London | London | News article | 20/12/2001 | ABS64908 | 116088-1001 | 06/08/2019 | 1 | 06/08/2019 | News article |